Statistics for Dog Breeds

Click here to take the quiz!

General Stats

  • This quiz has been taken 20 times
  • The average score is 53 of 308

Answer Stats

HintAnswer% Correct
BBulldog
92%
CChihuahua
83%
GGolden Retriever
83%
LLabrador Retriever
83%
AAustralian Shepherd
75%
BBoxer
75%
PPug
75%
RRottweiler
75%
AAfghan Hound
67%
AAlaskan Malamute
67%
AAustralian Cattle Dog
67%
CCocker Spaniel
67%
DDalmatian
67%
FFrench Bulldog
67%
GGreat Dane
67%
SShiba Inu
67%
BBasset Hound
58%
BBeagle
58%
BBorder Collie
58%
CChow Chow
58%
PPomeranian
58%
SSiberian Husky
58%
YYorkshire Terrier
58%
BBloodhound
50%
CCollie
50%
GGreyhound
50%
IIrish Setter
50%
IIrish Wolfhound
50%
AAffenpinscher
42%
BBernese Mountain Dog
42%
BBichon Frise
42%
BBorzoi
42%
BBrittany
42%
BBullmastiff
42%
BBull Terrier
42%
DDachshund
42%
DDoberman Pinscher
42%
FFox Terrier
42%
GGerman Shepherd Dog
42%
KKing Charles Spaniel
42%
LLeonberger
42%
MMaltese
42%
MMastiff
42%
MMiniature Poodle
42%
NNewfoundland
42%
RRhodesian Ridgeback
42%
SSaint Bernard
42%
AAiredale Terrier
33%
AAmerican Bulldog
33%
BBasenji
33%
BBelgian Malinois
33%
CCavalier King Charles Spaniel
33%
EEnglish Setter
33%
EEnglish Springer Spaniel
33%
FFlat Coated Retriever
33%
FFoxhound
33%
GGiant Schnauzer
33%
GGordon Setter
33%
IIrish Water Spaniel
33%
IItalian Greyhound
33%
JJapanese Akita
33%
MMiniature Schnauzer
33%
OOld English Sheepdog
33%
PPapillon
33%
PPekingese
33%
PPointer
33%
PPuli
33%
SSaluki
33%
SSamoyed
33%
SShetland Sheepdog
33%
SStandard Poodle
33%
TToy Poodle
33%
XXoloitzcuintli
33%
AAmerican Akita
25%
AAustralian Terrier
25%
BBlack and Tan Coonhound
25%
BBorder Terrier
25%
CChinese Crested
25%
GGerman Wirehaired Pointer
25%
HHovawart
25%
IIrish Terrier
25%
JJack Russel Terrier
25%
KKomondor
25%
MMiniature Pinscher
25%
NNederlandse Kooikerhondje
25%
NNova Scotia Duck Tolling Retriever
25%
OOtterhound
25%
PPortuguese Water Dog
25%
SScottish Terrier
25%
SShar Pei
25%
SShih Tzu
25%
SSmooth Fox Terrier
25%
WWeimaraner
25%
WWhippet
25%
AAlaskan Klee Kai
17%
BBarbet
17%
BBedlington Terrier
17%
BBelgian Groenendael
17%
BBelgian Laekenois
17%
BBoerboel
17%
BBoston Terrier
17%
BBracco Italiano
17%
BBriard
17%
CChesapeake Bay Retriever
17%
CClumber Spaniel
17%
CCurly Coat Retriever
17%
DDogo Argentino
17%
DDutch Shepherd
17%
EEurasier
17%
FField Spaniel
17%
GGerman Shorthaired Pointer
17%
HHavanese
17%
IIbizan Hound
17%
IIrish Red and White Setter
17%
JJapanese Chin
17%
LLagotto Romagnolo
17%
LLhasa Apso
17%
LLowchen
17%
MManchester Terrier
17%
MMudi
17%
NNeapolitan Mastiff
17%
NNorfolk Terrier
17%
PPembroke Welsh Corgi
17%
PPharaoh Hound
17%
PPresa Canario
17%
PPumi
17%
RRussian Toy
17%
SSpanish Water Dog
17%
SStandard Schnauzer
17%
TTibetan Mastiff
17%
TTibetan Terrier
17%
TTosa
17%
TToy Fox Terrier
17%
VVizsla
17%
WWelsh Springer Spaniel
17%
WWelsh Terrier
17%
WWest Highland Terrier
17%
AAmerican Eskimo Dog
8%
AAmerican Hairless Terrier
8%
AAnatolian Shepherd Dog
8%
AAustralian Kelpie
8%
AAustralian Silky Terrier
8%
AAzawakh
8%
BBasset Griffon Vandeen
8%
BBearded Collie
8%
BBelgian Tervuren
8%
BBlack Russian Terrier
8%
BBluetick Coonhound
8%
BBolognese
8%
BBouvier Des Flandres
8%
BBoykin Spaniel
8%
CCairn Terrier
8%
CCanaan Dog
8%
CCane Corsa
8%
CCardigan Welsh Corgi
8%
CCatahoula Leopard Dog
8%
CCesky Terrier
8%
CCirneco Dell'Etna
8%
CCoton De Tulear
8%
DDandie Dinmont Terrier
8%
DDanish-Swedish Farmdog
8%
DDeerhound
8%
DDrever
8%
EEnglish Cocker Spaniel
8%
EEnglish Toy Spaniel
8%
FFinnish Lapphund
8%
GGerman Longhaired Pointer
8%
GGerman Pinscher
8%
GGerman Spitz
8%
GGreenland Dog
8%
HHarrier
8%
HHokkaido
8%
JJapanese Spitz
8%
JJapanese Terrier
8%
KKeeshond
8%
KKelpie
8%
KKerry Blue Terrier
8%
KKuvasz
8%
LLakeland Terrier
8%
LLapponian Herder
8%
LLarge Munsterlander
8%
MMaremma Sheepdog
8%
MMiniature American Shepherd
8%
MMiniature Bull Terrier
8%
NNorwegian Lundehund
8%
NNorwich Terrier
8%
PPlott Hound
8%
PPudelpointer
8%
PPyrenean Mountain Dog
8%
RRedbone Coonhound
8%
RRussel Terrier
8%
SSchipperke
8%
SScottish Deerhound
8%
SShikoku
8%
SSilky Terrier
8%
SSkye Terrier
8%
SSloughi
8%
SSmall Munsterlander
8%
SSpinone Italiano
8%
SStabyhoun
8%
SStaffordshire Bull Terrier
8%
SSussex Spaniel
8%
SSwedish Vallhund
8%
TThai Ridgeback
8%
TTibetan Spaniel
8%
VVolpino Italiano
8%
WWhite Swiss Shepherd Dog
8%
YYakutian Laika
8%
AAmerican Leopard Hound
0%
AAmerican Water Spaniel
0%
AAppenzeller Sennenhund
0%
AAustralian Stumpy Tail Cattle Dog
0%
BBarbado Da Terceira
0%
BBasset Bleu De Gascogne
0%
BBasset Fauve De Bretagne
0%
BBavarian Mountain Scent Hound
0%
BBeauceron
0%
BBergamasco Sheepdog
0%
BBerger Picard
0%
BBiewer Terrier
0%
BBohemian Shepherd
0%
BBraque d'Auvergne
0%
BBraque Du Bourbonnais
0%
BBraque Francais Pyrenean
0%
BBraque Saint Germain
0%
BBrazilian Terrier
0%
BBroholmer
0%
BBrussels Griffon
0%
CCanadian Eskimo Dog
0%
CCarolina Dog
0%
CCatalan Sheepdog
0%
CCaucasian Shepherd Dog
0%
CCentral Asian Shepherd Dog
0%
CChinook
0%
CCroatian Sheepdog
0%
CCzechoslovakian Vlciak
0%
DDeutscher Wachtelhund
0%
DDogue De Bordeaux
0%
DDrentsche Patrijshond
0%
EEnglish Coonhound
0%
EEnglish Toy Terrier
0%
EEntlebucher Mountain Dog
0%
EEstrela Mountain Dog
0%
FFinnish Spitz
0%
FFrench Spaniel
0%
GGlen Of Imaal Terrier
0%
GGreater Swiss Mountain Dog
0%
GGreat Pyrenees
0%
GGriffon Bruxellois
0%
GGriffon Fauve De Bretagne
0%
HHamiltonstovare
0%
HHanoverian Scenthound
0%
HHungarian Kuvasz
0%
IIcelandic Sheepdog
0%
IItalian Spinone
0%
JJagdterrier
0%
KKai Ken
0%
KKarelian Bear Dog
0%
KKishu Ken
0%
KKorean Jindo Dog
0%
KKorthals Griffon
0%
KKromfohrlander
0%
LLancashire Terrier
0%
MMountain Cur
0%
NNorrbottenspets
0%
NNorwegian Buhund
0%
NNorwegian Elkhound
0%
PParson Russell Terrier
0%
PPeruvian Inca Orchid
0%
PPicardy Sheepdog
0%
PPolish Lowland Dog
0%
PPont-Audemer Spaniel
0%
PPorcelaine
0%
PPortuguese Podengo
0%
PPortuguese Podengo Pequeno
0%
PPortuguese Pointer
0%
PPortuguese Sheepdog
0%
PPyrenean Mastiff
0%
PPyrenean Shepherd
0%
RRafeiro Do Alentejo
0%
RRat Terrier
0%
RRomanian Carpathian Shepherd
0%
RRomanian Mioritic Shepherd Dog
0%
RRussian Tsvetnaya Bolonka
0%
SSchapendoes
0%
SSealyham Terrier
0%
SSegugio Italiano
0%
SSlovakian Rough Haired Pointer
0%
SSlovakian Wirehaired Pointer
0%
SSlovensky Cuvac
0%
SSlovensky Kopov
0%
SSoft Coated Wheaten Terrier
0%
SSpanish Mastiff
0%
SSwedish Lapphund
0%
TTaiwan Dog
0%
TTeddy Roosevelt Terrier
0%
TThai Bangkaew
0%
TTornjak
0%
TToy Manchester Terrier
0%
TTransylvanian Hound
0%
TTreeing Tennessee Brindle
0%
TTreeing Walker Coonhound
0%
TTurkish Kangal Dog
0%
WWetterhoun
0%
WWire Fox Terrier
0%
WWirehaired Pointing Griffon
0%
WWirehaired Vizsla
0%

Score Distribution

Percentile by Number Answered

Percent of People with Each Score

Your Score History

You have not taken this quiz